000 00606nam a2200169Ia 4500
005 20260601193246.0
008 260601s9999||||xx |||||||||||||| ||und||
020 _a978-3-031-63235-8
_qebk
100 _a?ukasz Tomczyk
245 0 _aNew Media Pedagogy: Research Trends, Methodological Challenges, and Successful Implementations
250 _a2024
260 _aHeidelberg, Germany
_bSpringer Nature
_c2024
440 _aCommunications in Computer and Information Science
650 _aComputer Science
856 _uhttps://link.springer.com/openurl?genre=book&isbn=978-3-031-63235-8
942 _cEB
_2ddc
999 _c56579
_d56579